000 00953nam0a2200289 4500
001 RU\NLR\bibl\1313996
005 20250615154909.0
010 _a978-5-395-00025-5
_910000
021 _aRU
_b2008-89284
_95216
035 _a(NLR Aleph) 001299403
090 _a609560
_c609560
100 _a20090112d2008 |||y0rusy50 ca
101 1 _arus
_ceng
102 _aRU
105 _ay |||||||||
200 1 _aТринадцатая сказка
_e[роман]
_fДиана Сеттерфилд
_g[пер. с англ. В. Дорогокупли]
210 _aСанкт-Петербург
_cАзбука-классика
_d2008
215 _a459, [1] с.
_d21
225 1 _aThe big book
225 1 _aАзбука-классика
686 _aШ6(4Вл)67-440.4{Лх1299-50}
700 1 _aСеттерфилд
_bД.
_gДиана
_4070
801 0 _aRU
_bNLR
_c20090112
_gRCR
801 1 _aRU
_bNLR
_c20090112
942 _cBOOK
980 _aNB